| 000 | 00689cam a2200229 a 4500 | ||
|---|---|---|---|
| 001 | 000001731 | ||
| 005 | 20240305135409.0 | ||
| 008 | 750715s1975 sp 000 f spa d | ||
| 020 | _a8401301556 | ||
| 082 |
_aC863.44 _bG216ót |
||
| 100 | 1 |
_aGarcía Márquez, Gabriel, _b1928-2014 _d1928- _91804 |
|
| 245 | 1 | 3 |
_aEl otoño del patriarca / _cGabriel García Márquez. |
| 260 |
_aBarcelona : _bPlaza & Janés, _c1975. |
||
| 300 |
_a271 p. ; _c20 cm. |
||
| 490 | 1 | _aNovelistas del día | |
| 650 | 4 |
_aNovela colombiana _91243 |
|
| 650 | 4 |
_aLiteratura colombiana _91244 |
|
| 830 | 0 |
_aNovelistas del día _95633 |
|
| 910 | _aCatalogación por copia / LC | ||
| 910 | _aWM | ||
| 999 |
_c1609 _d1609 |
||
| 040 | _aDO-SdBNP | ||